Heart of darkness (Record no. 19073)

MARC details
000 -LEADER
fixed length control field 00683nam a2200217Ia 4500
003 - CONTROL NUMBER IDENTIFIER
control field IN-BaIIA
008 - FIXED-LENGTH DATA ELEMENTS--GENERAL INFORMATION
fixed length control field 211028s9999 xx 000 0 eng d
020 ## - INTERNATIONAL STANDARD BOOK NUMBER
International Standard Book Number 978-0-691-16577-6
040 ## - CATALOGING SOURCE
Transcribing agency IIA Library
080 ## - UNIVERSAL DECIMAL CLASSIFICATION NUMBER
Universal Decimal Classification number 524.8
Item number OST
100 ## - MAIN ENTRY--PERSONAL NAME
Personal name Ostriker, Jeremiah P
9 (RLIN) 36420
245 #0 - TITLE STATEMENT
Title Heart of darkness
Remainder of title unraveling the mysteries of the invisible universe
Statement of responsibility, etc. Jeremiah P Ostriker and Simon Mitton
260 ## - PUBLICATION, DISTRIBUTION, ETC.
Place of publication, distribution, etc. Princeton
Name of publisher, distributor, etc. Princeton University Press
Date of publication, distribution, etc. 2013
300 ## - PHYSICAL DESCRIPTION
Extent xxi, 299p.
490 ## - SERIES STATEMENT
Series statement Science essentials
650 ## - SUBJECT ADDED ENTRY--TOPICAL TERM
Topical term or geographic name entry element Cosmology
650 ## - SUBJECT ADDED ENTRY--TOPICAL TERM
Topical term or geographic name entry element Dark energy (Astronomy)
9 (RLIN) 32927
650 ## - SUBJECT ADDED ENTRY--TOPICAL TERM
Topical term or geographic name entry element Dark matter (Astronomy)
9 (RLIN) 30642
700 ## - ADDED ENTRY--PERSONAL NAME
Personal name Mitton, Simon
9 (RLIN) 9544
942 ## - ADDED ENTRY ELEMENTS (KOHA)
Koha item type Books
Holdings
Withdrawn status Lost status Damaged status Not for loan Home library Current library Shelving location Date acquired Source of acquisition Cost, normal purchase price Total Checkouts Full call number Barcode Date last seen Cost, replacement price Price effective from Koha item type Purchase Price
        IIA Library-Bangalore IIA Library-Bangalore General Stacks 08/07/2015 EDS 365.00   524.8/ OST 19995 05/11/2021 365.00 08/07/2015 Books Rs. 365.00

Powered by Koha